000 01594cam a2200145 4500500
005 20251214001516.0
041 _afre
042 _adc
100 1 0 _aPinel, Vincent
_eauthor
700 1 0 _aPinel, Christophe
_eauthor
245 0 0 _aDictionnaire technique du cinéma
260 _bArmand Colin,
_c2016.
520 _aLe développement de l’art et de l’industrie cinématographiques s’est accompagné de la création d’un vocabulaire particulier qui déroute parfois jusqu’au spécialiste averti. D’Aäton à Zoptic system, ce dictionnaire définit près de 2 000 termes techniques utilisés dans différents domaines du cinéma. Chaque mot est replacé dans son contexte, illustré d’exemples et mis en relation avec d’autres. Cette 3e édition s’enrichit de nouvelles définitions sur les techniques numériques récentes. En fin d’ouvrage, un lexique anglais-français facilite en outre la consultation. Un outil indispensable pour l’étudiant en cinéma et audiovisuel, le professionnel ou le cinéphile soucieux de mieux connaître son domaine de prédilection. « Un ouvrage monumental où la précision le dispute à l’érudition. Il fallait à la fois beaucoup d’humilité et beaucoup d’acharnement pour s’attaquer à un projet aussi considérable concernant un art et une industrie en perpétuelle mutation depuis cent ans. » René Fauvel, Ancien président de la Commission supérieure technique de l’image et du son.
856 4 1 _uhttps://shs.cairn.info/dictionnaire-technique-du-cinema--9782200601683?lang=fr&redirect-ssocas=7080
999 _c1566254
_d1566254